[Event "45th Olympiad Budapest 2024"]
[Site "Budapest"]
[Date "2024.09.19"]
[Round "8"]
[Board "2"]
[White "Dlamini, Simphiwe"]
[Black "Zebaze, Dongmo Loic Dylane"]
[Result "0-1"]
[WhiteElo "1747"]
[BlackElo "1914"]
[PlyCount "106"]
[EventDate "2024.09.11"]
[EventType "team-tourn"]
[EventRounds "11"]
[EventCountry "HUN"]
[WhiteTeam "Eswatini"]
[BlackTeam "Cameroon"]
[BlackTeamCountry "CAM"]

1. e4 e6 2. d3 d5 3. Nd2 Nf6 4. e5 Nfd7 5. f4 c5 6. Be2 $146 ({RR} 6. g3 Nc6 7. Bg2 b6 8. Nh3 Bb7 9. O-O Qc7 10. a3 O-O-O 11. c3 h6 12. b4 g5 13. b5 Ne7 14. fxg5 Nf5 15. Rxf5 exf5 16. d4 Be7 17. Nf3 Nf8 18. Qd3 Qd7 19. gxh6 f6 20. Nf4 Kb8 {1-0 Pedersen,S-Rath,U Aarhus VRS Solskinsturnering-02 1975 (4)}) ({RR} 6. g3 Nc6 7. Bg2 f6 8. exf6 Nxf6 9. Ngf3 Bd6 10. O-O O-O 11. Re1 Qc7 12. Qe2 Bd7 13. c3 Kh8 14. Nb3 b6 15. d4 Ne7 16. Be3 Nf5 17. Bf2 Ne4 18. Nbd2 Nxf2 19. Qxf2 Rac8 20. Kh1 cxd4 {1-0 Rapport,R (2752)-Caruana,F (2782) SuperUnited Rapid 2023 (1.4)}) ({RR} 6. Ndf3 Nc6 7. Nh3 f6 8. exf6 Qxf6 9. g3 Bd6 10. Bg2 O-O 11. O-O Nb6 12. c3 Bd7 13. Nf2 e5 14. fxe5 Nxe5 15. Nxe5 Qxe5 16. d4 cxd4 17. cxd4 Qe7 18. Qh5 Rf5 19. Qd1 Raf8 20. Bd2 Qf6 {0-1 Kadric,D (2584)-Bluebaum,M (2655) Titled Tue 2nd Jan Late 2024 (6)}) ({RR} 6. Ndf3 Nc6 7. c3 Qa5 8. d4 cxd4 9. Nxd4 Nxd4 10. Qxd4 Be7 11. Nf3 Nb8 12. Qf2 Bd7 13. Nd4 Nc6 14. Be3 Nxd4 15. Bxd4 Rc8 16. Bd3 Bc5 17. O-O Bxd4 18. Qxd4 Qc5 19. Qxc5 Rxc5 20. Kf2 Bb5 {½-½ Akopian,G-Eolian,L Yerevan 1977 (15)}) ({RR} 6. c3 Nc6 7. Ngf3 f6 8. d4 fxe5 9. dxe5 Be7 10. Bd3 O-O 11. Nf1 Qb6 12. h4 c4 13. Bxh7+ Kxh7 14. Ng5+ Bxg5 15. hxg5+ Kg8 16. g6 Rf5 17. Ne3 Ndxe5 18. fxe5 Rxe5 19. Qf3 Qc7 20. Rh8+ {1-0 Braley,J (2275)-Schwarman,M Northwest Chess March op 1983}) 6... Nc6 7. Ngf3 Be7 8. Nf1 b6 9. Ng3 g6 10. c4 dxc4 11. dxc4 Bb7 12. Be3 Qc7 13. Qc2 Rd8 14. Rd1 O-O 15. O-O f6 16. Nh4 Kg7 17. f5 fxe5 18. fxg6 Bxh4 19. Nh5+ Kg8 20. gxh7+ Kh8 21. Bh6 Nf6 22. Bg7+ Qxg7 23. Nxg7 Kxg7 24. Rxd8 Rxd8 25. Qc3 Nd4 26. Bd1 Nxh7 27. Qh3 Bg5 28. Qg4 Kh8 29. Rf7 Rg8 30. Rxb7 Be3+ 31. Kh1 Rxg4 32. Bxg4 Nf6 33. Bf3 e4 34. Bd1 Bc1 35. Rf7 Ng8 36. b3 e3 37. Rf1 Bd2 38. g3 Bc3 39. Kg2 Kg7 40. Rf4 Nf6 41. Kf1 e5 42. Rh4 Nf5 43. Rh3 Ne4 44. Bc2 Nd4 45. Bd3 Nf2 46. Rh7+ Kg8 47. Bg6 e2+ 48. Kxf2 e1=Q+ 49. Kg2 Qe2+ 50. Kh3 Qf1+ 51. Kg4 Qf3+ 52. Kh3 Ne6 53. Rxa7 Nf4+ 0-1

[Event "45th Olympiad Budapest 2024"]
[Site "Budapest"]
[Date "2024.09.19"]
[Round "8"]
[Board "3"]
[White "Amba, Oyon Marius Claude"]
[Black "Mbongeni, Mabuza"]
[Result "1/2-1/2"]
[WhiteElo "1975"]
[BlackElo "1784"]
[PlyCount "72"]
[EventDate "2024.09.11"]
[EventType "team-tourn"]
[EventRounds "11"]
[EventCountry "HUN"]
[WhiteTeam "Cameroon"]
[BlackTeam "Eswatini"]
[WhiteTeamCountry "CAM"]

1. e4 c6 2. Nf3 g6 3. d4 Bg7 4. c3 Nf6 5. e5 Nd5 6. Bc4 d6 7. O-O O-O 8. Bb3 $146 ({RR} 8. Bxd5 cxd5 9. Bf4 dxe5 10. Nxe5 Qb6 11. Qc1 Nc6 12. Re1 Be6 13. Nd3 Rac8 14. Qd2 Bf5 15. Nc5 e5 16. Be3 exd4 17. cxd4 Bxd4 18. Bxd4 Nxd4 19. Na4 Qf6 20. Nbc3 Be6 21. Rad1 Nc6 22. Nxd5 Bxd5 {1-0 Garrido Prats,D (1720)-Mansilla Lou,L (1971) Barcelona Primavera La Lira op 6th 2013 (9)}) 8... Bg4 9. exd6 Qxd6 10. h3 Bxf3 11. Qxf3 e5 12. dxe5 Qxe5 13. Rd1 Nf6 14. Na3 Na6 15. Nc4 Qe4 16. Qxe4 Nxe4 17. Be3 b6 18. Rd7 Nac5 19. Bxc5 Nxc5 20. Rc7 Rfc8 21. Rxc8+ Rxc8 22. Rd1 Nxb3 23. axb3 b5 24. Na5 b4 25. c4 Bxb2 26. Rd7 c5 27. Kf1 Bc3 28. Rxa7 Re8 29. f4 Re1+ 30. Kf2 Ra1 31. g4 Bd4+ 32. Kg2 Rg1+ 33. Kf3 Rh1 34. Kg2 Rg1+ 35. Kf3 Rh1 36. Kg2 Rg1+ 1/2-1/2

[Event "45th Olympiad Budapest 2024"]
[Site "Budapest"]
[Date "2024.09.19"]
[Round "8"]
[Board "4"]
[White "Nxumalo, Vuyo"]
[Black "Makem, Pierre"]
[Result "1/2-1/2"]
[WhiteElo "1746"]
[BlackElo "1860"]
[PlyCount "145"]
[EventDate "2024.09.11"]
[EventType "team-tourn"]
[EventRounds "11"]
[EventCountry "HUN"]
[WhiteTeam "Eswatini"]
[BlackTeam "Cameroon"]
[BlackTeamCountry "CAM"]

1. e4 e6 2. Nf3 b6 3. d4 Bb7 4. Nbd2 c5 5. c3 Nc6 ({RR} 5... d5 6. Bb5+ Nd7 7. Ne5 Ngf6 8. exd5 exd5 9. Ndf3 Bd6 10. Bg5 O-O 11. Bxd7 h6 12. Bxf6 gxf6 13. Ng4 h5 14. Nh4 f5 15. Nxf5 Qg5 16. h4 Qf4 17. Ngh6+ Kh7 18. Qxh5 Rae8+ 19. Bxe8 Rxe8+ 20. Kf1 {1-0 Kuderinov,K (2409)-Zarubitski,V (2426) Titled Tuesday intern op 22nd June blitz 2021 (4)}) ({RR} 5... d6 6. Bd3 a6 7. O-O Nf6 8. Re1 Be7 9. Qe2 O-O 10. e5 Nd5 11. Ne4 cxd4 12. cxd4 Nc6 13. Bd2 h6 14. Rac1 dxe5 15. dxe5 Ndb4 16. Bb1 a5 17. Red1 Ba6 18. Qe3 Qb8 19. Nd6 Nxe5 20. Nxe5 {1-0 Zaksaite,S (2212)-Ferey,A (2190) Titled Tue 27th Feb Early 2024 (2)}) 6. d5 Nce7 7. Nc4 $146 ({RR} 7. c4 exd5 8. exd5 Nf6 9. Bd3 Ng6 10. O-O Be7 11. Re1 O-O 12. Nf1 Re8 13. Ng3 d6 14. Bd2 Bc8 15. h3 Nd7 16. Qc2 h6 17. Bxg6 fxg6 18. Qxg6 Nf8 19. Qc2 Nh7 20. Re2 Bd7 21. Rae1 Bf6 {0-1 Byrne,P-Hinds,D Mulcahy op 1974 (4)}) ({RR} 7. c4 Ng6 8. h4 e5 9. h5 Nf4 10. g3 g5 11. gxf4 exf4 12. Rg1 h6 13. e5 f6 14. Qe2 {1-0 Vujovic,M (2258)-Accardo,F (2050) Campobasso op 6th 1999 (1)}) ({RR} 7. c4 Ng6 8. Be2 e5 9. O-O h6 10. g3 Nf6 11. Ne1 d6 12. Ng2 Bc8 13. h4 h5 14. Ne3 Bh3 15. Re1 Qd7 16. b3 Qc8 17. Kh2 Bd7 18. Bf1 Ne7 19. a3 a5 20. f3 Rg8 21. f4 exf4 {1-0 Scherer,K (1880)-Oser,T (1581) Bayern-ch Seniors 22nd 2010 (1)}) 7... Ng6 8. h4 h5 9. Bd3 Qc7 10. Bc2 exd5 11. exd5 O-O-O 12. O-O Bd6 13. Nxd6+ Qxd6 14. c4 Re8 15. g3 Nh6 16. Bxh6 gxh6 17. a4 a5 18. Qd3 Rhg8 19. Rfe1 Rxe1+ 20. Rxe1 Qf6 21. Qf5 Qg7 22. Ne5 Nxe5 23. Rxe5 f6 24. Re3 Qg4 25. Re7 Rg7 26. Qxg4 Rxg4 27. d6 Bc6 28. b3 Rd4 29. Re8+ Kb7 30. Kf1 Rd2 31. Be4 Rxd6 32. Bxc6+ Kxc6 33. Rh8 Rd3 34. Rxh6 Rxb3 35. Rxh5 Rb4 36. Rf5 Rxa4 37. Rf4 Ra1+ 38. Ke2 a4 39. Rxf6+ d6 40. h5 a3 41. Rf3 a2 42. Ra3 Rh1 43. Rxa2 Rxh5 44. g4 Re5+ 45. Kf3 d5 46. cxd5+ Rxd5 47. Re2 c4 48. Ke4 b5 49. f4 c3 50. Rh2 Rd2 51. Rh8 c2 52. Ke3 Rg2 53. g5 Kd7 54. Rh1 b4 55. Kd3 b3 56. Kc3 Rg3+ 57. Kb2 Rd3 58. Kc1 Rf3 59. Rg1 Ke7 60. Kb2 Kf7 61. f5 Rd3 62. g6+ Kg7 63. Kc1 Rd7 64. Rh1 Kf6 65. Rf1 Rd8 66. Rg1 Rd7 67. Rf1 Kg7 68. Rh1 Rd3 69. Rf1 Kf6 70. Rg1 Rd7 71. Rf1 Rd6 72. Rg1 Kg7 73. Rf1 1/2-1/2

[Event "45th Olympiad Budapest 2024"]
[Site "Budapest"]
[Date "2024.09.19"]
[Round "8"]
[Board "1"]
[White "Al-Hajiri, Bader"]
[Black "Van Bemmelen, Ursus"]
[Result "1-0"]
[WhiteElo "1947"]
[BlackElo "2146"]
[PlyCount "61"]
[EventDate "2024.09.11"]
[EventType "team-tourn"]
[EventRounds "11"]
[EventCountry "HUN"]
[WhiteTeam "Kuwait"]
[BlackTeam "Netherlands Antilles"]
[WhiteTeamCountry "KUW"]
[BlackTeamCountry "AHO"]

1. e4 c5 2. Nf3 e6 3. Nc3 a6 4. d4 cxd4 5. Nxd4 Qc7 6. Bd3 Nf6 7. O-O Nc6 8. Nxc6 bxc6 9. Qe2 d5 10. b3 Bb4 $146 ({RR} 10... Be7 11. Bb2 Bb7 12. Na4 dxe4 13. Bxe4 Nxe4 14. Qxe4 c5 15. Qe3 O-O 16. Rad1 Qc6 17. Qg3 f6 18. c4 Rad8 19. f3 Bd6 20. Qh4 Qc7 21. Rde1 Rfe8 22. Bc3 Bc6 23. Nb2 Bf4 24. Re2 Re7 25. Rfe1 {1-0 Jansa,V (2515)-Espig,L (2465) BL2-Ost 9394 1993 [1]}) ({RR} 10... Bb7 11. Bb2 Bd6 12. Kh1 Bf4 13. Rae1 O-O 14. g3 Bh6 15. e5 Nd7 16. Nd1 c5 17. f4 Rfd8 18. Kg1 Qc6 19. Nf2 c4 20. bxc4 Nc5 21. cxd5 Rxd5 22. Ne4 Rad8 23. Nxc5 Rxc5 24. Qe4 Qxe4 25. Bxe4 {0-1 Karjakin,S (2725)-Ivanchuk,V (2748) Amber-blindfold 19th rapid 2010 (3)}) ({RR} 10... Bd6 11. h3 Bf4 12. Bxf4 Qxf4 13. exd5 cxd5 14. Na4 Qc7 15. c4 dxc4 16. Bxc4 O-O 17. Rac1 Qa7 18. Rfd1 Bd7 19. Nc3 Rfd8 20. Ne4 Nxe4 21. Qxe4 Bb5 22. Rxd8+ Rxd8 23. a4 Bxc4 24. Qxc4 h6 25. Qc7 {1-0 Melikyan,G (2140)-Bernal Moro,L (2404) Titled Tuesday intern op 05th Jul Late blitz 2022 (7)}) ({RR} 10... Bb7 11. Bb2 Be7 12. Rae1 h5 13. e5 Nd7 14. f4 g6 15. Na4 Nb6 16. Nxb6 Qxb6+ 17. Kh1 c5 18. Qf2 a5 19. Bc1 Kd7 20. Be3 Rhc8 21. c4 d4 22. Bd2 a4 23. Rb1 axb3 24. Rxb3 Qc7 25. f5 {1-0 Abrahamyan,T (2292)-Sachdev,T (2383) Wch U20 Girls 24th 2006 (3)}) ({RR} 10... Bd6 11. f4 Bc5+ 12. Kh1 Bd4 13. Bb2 Qa5 14. Na4 Bxb2 15. Nxb2 g6 16. c4 O-O 17. Na4 Rb8 18. Rac1 dxe4 19. Bxe4 c5 20. Rcd1 Bd7 21. Bc2 Bxa4 22. bxa4 Qc3 23. Rf3 Qb2 24. Rb3 Qxa2 25. Rxb8 {0-1 Oresky,J (2110)-Ponizil,C (2245) CZE-ch U18 Decin 2009 (2)}) 11. Bb2 O-O 12. e5 Nd7 13. Na4 Re8 14. f4 g6 15. Qg4 Bf8 16. c4 Bg7 17. Rac1 Qa7+ 18. Kh1 a5 19. Rf3 Ba6 20. h4 dxc4 21. bxc4 Rab8 22. Ba3 Qd4 23. Rg3 Bf8 24. Bxf8 Kxf8 25. h5 Rb4 26. hxg6 hxg6 27. Qg5 Nxe5 28. fxe5 Rxa4 29. Rh3 Qd8 30. Rh8+ Kg7 31. Qh6# 1-0

[Event "45th Olympiad Budapest 2024"]
[Site "Budapest"]
[Date "2024.09.19"]
[Round "8"]
[Board "2"]
[White "Capella, Rurik"]
[Black "Al Ibrahim, Abdulrahman"]
[Result "0-1"]
[WhiteElo "1971"]
[BlackElo "1932"]
[PlyCount "86"]
[EventDate "2024.09.11"]
[EventType "team-tourn"]
[EventRounds "11"]
[EventCountry "HUN"]
[WhiteTeam "Netherlands Antilles"]
[BlackTeam "Kuwait"]
[WhiteTeamCountry "AHO"]
[BlackTeamCountry "KUW"]

1. e4 e5 2. d4 exd4 3. Qxd4 Nc6 4. Qc4 Nf6 5. Nc3 Nb4 ({RR} 5... Bb4 6. Bd2 O-O 7. O-O-O d6 8. f3 Re8 9. Qe2 Be6 10. Qf2 a5 11. Nge2 Qe7 12. Nf4 Bxc3 13. Bxc3 Nb4 14. a3 Na2+ 15. Kd2 d5 16. Bxf6 Qxf6 17. Nd3 dxe4 18. fxe4 Qg6 19. Be2 b5 20. Qg3 {1-0 Wei,Y (2725)-Karjakin,S (2754) Jerusalem FIDE GP 2019 (2.3)}) ({RR} 5... Bb4 6. Bd2 O-O 7. O-O-O Re8 8. f3 d6 9. g4 Be6 10. Qe2 a6 11. h4 b5 12. h5 Nd7 13. Qg2 Nd4 14. g5 g6 15. Nh3 c5 16. Nf4 Nf8 17. Ncd5 Bxd2+ 18. Rxd2 Bxd5 19. Nxd5 Re5 20. Nf6+ {1-0 Leftheriotis,A (2028)-Gountras,K (1978) 44th White Tower Open A 2024 (9.4)}) 6. Bd3 $146 ({RR} 6. Nf3 Bd6 7. b3 Nxc2+ 8. Kd1 Nxa1 9. Bb2 Qe7 10. Bxa1 O-O 11. Be2 Re8 12. Kc2 c6 13. Qd3 Nxe4 14. Nxe4 Qxe4 15. Qxe4 Rxe4 16. Bd3 Re8 17. h3 Bc7 18. g4 d5 19. Bd4 Bd7 20. Re1 Rxe1 {0-1 Rybar,M (1527)-Kamas,S (1348) SVK-chT3B2 1213 2012 (1.8)}) ({RR} 6. Qe2 d6 7. Bg5 Be7 8. O-O-O Nc6 9. f4 h6 10. Bh4 Bg4 11. Nf3 Nh5 12. Bxe7 Qxe7 13. Nd5 Qd7 14. Qe3 O-O 15. h3 Be6 16. Bb5 a6 17. Ba4 b5 18. Bb3 Na5 19. g4 Nxb3+ 20. axb3 Bxd5 {1-0 Shabalov,A (2528)-Kotliar,M (2300) USA-ch Online Swiss 2400+ blitz 2020 (11)}) 6... d5 7. exd5 Nbxd5 8. Bg5 Qe7+ 9. Nge2 Nxc3 10. Qxc3 Qb4 11. Bxf6 gxf6 12. O-O-O Qxc3 13. Nxc3 Be6 14. Nb5 Bd6 15. Nxd6+ cxd6 16. Bb5+ Ke7 17. f4 f5 18. Rhe1 Rac8 19. b3 Rhg8 20. g3 h5 21. Re3 h4 22. Rd5 hxg3 23. hxg3 Rxg3 24. Re2 Rc5 25. Rxc5 dxc5 26. Rf2 a6 27. Be2 b5 28. Kb2 Bd5 29. a4 bxa4 30. Bxa6 axb3 31. Re2+ Be6 32. c4 Rf3 33. Bb5 Rxf4 34. Kxb3 Kd6 35. Re1 Rd4 36. Ba6 f4 37. Rf1 Ke5 38. Kc3 Kf5 39. Rh1 f3 40. Rf1 Kf4 41. Bb7 Bg4 42. Re1 f2 43. Re7 f1=Q 0-1

[Event "45th Olympiad Budapest 2024"]
[Site "Budapest"]
[Date "2024.09.19"]
[Round "8"]
[Board "3"]
[White "Hussain, Hashem"]
[Black "Van Opstal, Rurik"]
[Result "0-1"]
[WhiteElo "1807"]
[BlackElo "2006"]
[PlyCount "62"]
[EventDate "2024.09.11"]
[EventType "team-tourn"]
[EventRounds "11"]
[EventCountry "HUN"]
[WhiteTeam "Kuwait"]
[BlackTeam "Netherlands Antilles"]
[WhiteTeamCountry "KUW"]
[BlackTeamCountry "AHO"]

1. e4 c5 2. c3 d5 3. exd5 Qxd5 4. d4 g6 5. Nf3 Bg7 6. Be3 cxd4 7. cxd4 Nh6 8. Nc3 Qa5 9. Bc4 ({RR} 9. Bb5+ Bd7 10. a4 O-O 11. O-O Nf5 12. Bf4 a6 13. b4 Qd8 14. Bxd7 Qxd7 15. Ne4 Nc6 16. Nc5 Qc8 17. Rc1 Nfxd4 18. Nxd4 Nxd4 19. Be3 Rd8 20. Nxa6 Nc6 21. Qb3 bxa6 22. b5 axb5 23. axb5 Na5 {0-1 Fedoseev,V (2704)-Vakhidov,J (2552) Cappelle Online Blitz op 2022 (11)}) 9... O-O 10. O-O Nf5 11. Rc1 ({RR} 11. Qb3 Nd6 12. Be2 Nd7 13. Rac1 a6 14. Bg5 Nf6 15. Bxf6 Bxf6 16. Nd5 Be6 17. Nxf6+ exf6 18. Rc5 Qxa2 19. Qb6 Rfd8 20. Nd2 Rab8 21. Ra5 {1-0 Joao Pedro,D-Luiz,O I Torneio Treinamento - ALEX 2024 (2.3)}) 11... Nc6 $146 ({RR} 11... Nxe3 12. fxe3 Nc6 13. Bb3 Bd7 14. Ne4 Rad8 15. Nfg5 e6 16. Qf3 Be8 17. Qh3 h6 18. Nxe6 fxe6 19. Qxe6+ {1-0 Krishnan,V (2373)-Rottenwohrer Suarez,J (2317) Titled Tue 28th Feb Late 2023 (8)}) 12. h3 a6 13. d5 Nxe3 14. fxe3 Ne5 15. Nxe5 Bxe5 16. Qf3 Rb8 17. Ne4 b5 18. d6 e6 19. Bb3 Qd8 20. d7 Bxd7 21. Rcd1 Qe7 22. Nc5 Bc8 23. Nd3 Bg7 24. Qg3 Bb7 25. Ne5 Qc7 26. Rxf7 Rxf7 27. Bxe6 Qxe5 28. Bxf7+ Kxf7 29. Rd7+ Kf8 30. Qf2+ Qf6 31. Qxf6+ Bxf6 0-1

[Event "45th Olympiad Budapest 2024"]
[Site "Budapest"]
[Date "2024.09.19"]
[Round "8"]
[Board "4"]
[White "Blijstra, Willem"]
[Black "Alabdaljader, Mohammed"]
[Result "0-1"]
[WhiteElo "2063"]
[BlackElo "1677"]
[PlyCount "66"]
[EventDate "2024.09.11"]
[EventType "team-tourn"]
[EventRounds "11"]
[EventCountry "HUN"]
[WhiteTeam "Netherlands Antilles"]
[BlackTeam "Kuwait"]
[WhiteTeamCountry "AHO"]
[BlackTeamCountry "KUW"]

1. d4 Nf6 2. c4 e6 3. Nf3 Bb4+ 4. Bd2 Qe7 5. Nc3 Nc6 6. Qc2 d6 7. a3 Bxc3 8. Bxc3 e5 9. d5 Nb8 10. e4 a5 11. Be2 Na6 12. O-O Nc5 13. Nd2 a4 14. f3 O-O $146 ({RR} 14... Bd7 15. b4 axb3 16. Nxb3 Ba4 17. Rab1 Nxb3 18. Rxb3 Nd7 19. Qb2 Bxb3 20. Qxb3 Nc5 21. Qb2 O-O 22. f4 Nxe4 23. fxe5 Nxc3 24. Qxc3 Qxe5 25. Qc2 Rxa3 26. Rf5 Ra1+ 27. Bf1 Qd4+ 28. Kh1 Qd1 29. Qf2 {0-1 Taylor,A (1584)-McCarthy,D (1817) GBR-ch Major 98th 2011 (5)}) 15. b4 axb3 16. Nxb3 Nxb3 17. Qxb3 Nh5 18. Rfd1 Kh8 19. Bf1 b6 20. Ra2 Bd7 21. a4 Qg5 22. Bd2 Nf4 23. Kh1 Qh5 24. a5 bxa5 25. Rxa5 Rab8 26. Qc2 g5 27. Bxf4 gxf4 28. c5 Rg8 29. c6 Bh3 30. Qf2 f5 31. Rd3 Bxg2+ 32. Bxg2 Rb1+ 33. Bf1 Qh3 0-1

[Event "45th Olympiad Budapest 2024"]
[Site "Budapest"]
[Date "2024.09.19"]
[Round "8"]
[Board "1"]
[White "Ah Kye, Benitot"]
[Black "Cogan, Nicolas"]
[Result "0-1"]
[WhiteElo "1815"]
[BlackElo "2112"]
[PlyCount "100"]
[EventDate "2024.09.11"]
[EventType "team-tourn"]
[EventRounds "11"]
[EventCountry "HUN"]
[WhiteTeam "Mauritius"]
[BlackTeam "Cote d’Ivoire"]
[WhiteTeamCountry "MRI"]

1. e4 c5 2. Nf3 g6 3. d4 cxd4 4. Nxd4 Nf6 5. Nc3 d6 6. Be3 Bg7 7. f3 Nc6 8. Qd2 O-O 9. Bc4 Bd7 10. Bb3 Rc8 11. O-O-O Ne5 12. Kb1 a5 13. h4 h5 14. g4 ({RR} 14. a4 Nc4 15. Bxc4 Rxc4 16. b3 Rc8 17. Ndb5 Rc6 18. Bd4 e6 19. e5 dxe5 20. Bxe5 Rc5 21. Bd4 Rc8 22. Nd6 Rc6 23. Ncb5 e5 24. Bxe5 Be6 25. Rhe1 Qe7 26. Qxa5 Rc5 27. Bb2 Nd5 28. Bxg7 Kxg7 {1-0 Murey,J (2440)-Tiviakov,S (2520) Paris-ch op 1991 (3)}) ({RR} 14. Bg5 a4 15. Nxa4 Bxa4 16. Bxa4 Nc4 17. Qb4 Qc7 18. Bb3 Ne5 19. g4 hxg4 20. f4 Nc6 21. Nxc6 bxc6 22. e5 dxe5 23. fxe5 Nd5 24. Qxg4 Qxe5 25. Bc1 Nc3+ 26. Ka1 Nxd1 27. Rxd1 Rcd8 28. Rg1 Rd4 {1-0 Grochal,J (2255)-Vivaan Vishal Shah (2076) Titled Tue 27th Feb Early 2024 (7)}) 14... b5 15. a3 $146 ({RR} 15. Nd5 Nxd5 16. Bxd5 e6 17. Bh6 exd5 18. gxh5 Nc4 19. Qc1 dxe4 20. fxe4 Rc5 21. hxg6 fxg6 22. Rhg1 Qe8 23. Rg2 Rh5 24. Bxg7 Kxg7 25. Rdg1 Rf6 26. Qd1 Qe5 27. Rg3 Qxg3 28. Rxg3 Rf1 29. Qxf1 Nd2+ {0-1 Nitz,T-Boewer,R (2164) Berlin Eckbauer op 1999 (5)}) ({RR} 15. g5 Ne8 16. f4 Nc4 17. Bxc4 Rxc4 18. b3 Rc5 19. Nde2 Rc8 20. Nd5 Bg4 21. Bb6 Nc7 22. Nxc7 Rxc7 23. Rhe1 Qc8 24. Bxc7 Qxc7 25. Rc1 Bxe2 26. Rxe2 Bc3 27. Qd3 Qc5 28. Re3 Rc8 29. Qe2 a4 {1-0 Pigula,M (2010)-Law,N EU Union-ch U14 2005 (1)}) 15... Nc4 16. Bxc4 bxc4 17. a4 Rb8 18. Ndb5 Bxb5 19. Nxb5 c3 20. Nxc3 hxg4 21. h5 Nxh5 22. Rxh5 gxh5 23. Bh6 e6 24. fxg4 hxg4 25. Rg1 Qb6 26. Qc1 Bxh6 27. Rxg4+ Kh7 28. Rh4 Qxb2+ 29. Qxb2 Rxb2+ 30. Kxb2 Kg6 31. Nb5 Bg7+ 32. Kb3 Kg5 33. Rh7 Be5 34. Kc4 f5 35. exf5 exf5 36. Rd7 f4 37. Nxd6 Bxd6 38. Rxd6 f3 39. Rd1 Kg4 40. Kb5 Rf5+ 41. Kb6 f2 42. Rf1 Kf3 43. c4 Ke2 44. Rxf2+ Kxf2 45. c5 Ke3 46. Kxa5 Kd4 47. Kb6 Kd5 48. a5 Rf6+ 49. Kb7 Kxc5 50. a6 Rf7+ 0-1

[Event "45th Olympiad Budapest 2024"]
[Site "Budapest"]
[Date "2024.09.19"]
[Round "8"]
[Board "2"]
[White "De Gondo, Simplice Armel"]
[Black "Lam Kin Cheung, Stephane"]
[Result "1-0"]
[WhiteElo "2045"]
[BlackElo "1677"]
[PlyCount "69"]
[EventDate "2024.09.11"]
[EventType "team-tourn"]
[EventRounds "11"]
[EventCountry "HUN"]
[WhiteTeam "Cote d’Ivoire"]
[BlackTeam "Mauritius"]
[BlackTeamCountry "MRI"]

1. e4 c5 2. Nf3 Nc6 3. d4 cxd4 4. Nxd4 g6 5. Nc3 Bg7 6. Be3 Nf6 7. Bc4 O-O 8. Bb3 Re8 9. f3 e6 10. Qd2 d5 11. exd5 ({RR} 11. O-O-O Nxd4 12. Bxd4 e5 13. Bf2 d4 14. Ne2 a5 15. c3 Qc7 16. Kb1 a4 17. Bc2 dxc3 18. Nxc3 Be6 19. Qd6 Qc8 20. Qc5 Bf8 21. Qxc8 Rexc8 22. Bh4 Nh5 23. Nd5 Bc5 24. g4 Nf4 25. Bf6 Bxd5 {½-½ Kadric,D (2576)-Abdusattorov,N (2661) Sharjah Masters 5th 2022 (1)}) 11... exd5 ({RR} 11... Nxd4 12. Bxd4 exd5+ 13. Kf2 Qd6 14. Rad1 Be6 15. g3 a6 16. Rhe1 Rad8 17. Kg2 Qc6 18. Qf2 b5 19. Re2 Qc8 20. Red2 Bh3+ 21. Kg1 Bh6 22. Re2 Rxe2 23. Nxe2 Re8 24. Kh1 Qf5 25. Ng1 Ne4 26. fxe4 {1-0 Danninger,H (1985)-Daksh Jain (1961) 6th Bamberg Open 2024 (5.42)}) 12. O-O-O Na5 13. Nde2 $146 ({RR} 13. Rhe1 Nc4 14. Bxc4 dxc4 15. Qf2 Qa5 16. Ndb5 Be6 17. Bxa7 Nd5 18. Bd4 Bh6+ 19. Kb1 Nxc3+ 20. Nxc3 b5 21. Qh4 Bg7 22. Bxg7 Kxg7 23. Re5 Red8 24. Rxd8 Rxd8 25. Rxb5 Rd1+ 26. Nxd1 Qxb5 27. Qd4+ f6 {1-0 Rempe,J (1861)-Buchholz,M (1879) GER-chT U20 Kiel 2022 (7.5)}) 13... Nxb3+ 14. axb3 Be6 15. Nf4 Qa5 16. Kb1 Rad8 17. Ncxd5 Qxd2 18. Nxf6+ Bxf6 19. Bxd2 Bd7 20. Nd5 Kg7 21. Nxf6 Kxf6 22. Bc3+ Kg5 23. h4+ Kh6 24. Bf6 Rc8 25. Rxd7 Re6 26. Rxf7 g5 27. hxg5+ Kg6 28. Rhxh7 Rcc6 29. Rhg7+ Kh5 30. b4 Ra6 31. b3 Re1+ 32. Kb2 Re2 33. Rh7+ Kg6 34. g4 Rxf6 35. Rfg7# 1-0

[Event "45th Olympiad Budapest 2024"]
[Site "Budapest"]
[Date "2024.09.19"]
[Round "8"]
[Board "3"]
[White "Lee Luen Mang, Stefan"]
[Black "Manan, Yoboue Hermann"]
[Result "0-1"]
[WhiteElo "1803"]
[BlackElo "2030"]
[PlyCount "82"]
[EventDate "2024.09.11"]
[EventType "team-tourn"]
[EventRounds "11"]
[EventCountry "HUN"]
[WhiteTeam "Mauritius"]
[BlackTeam "Cote d’Ivoire"]
[WhiteTeamCountry "MRI"]

1. e4 e5 2. Nc3 Nc6 3. Bc4 Nf6 4. d3 Bc5 5. f4 d6 6. Nf3 exf4 7. Bxf4 O-O 8. Qd2 ({RR} 8. Bg5 h6 9. Bh4 Be6 10. Bb3 Nd4 11. Rf1 Nxf3+ 12. Qxf3 Bd4 13. Ne2 Bxb2 14. Rb1 Ba3 15. Nf4 Bb4+ 16. Ke2 Bg4 17. Qxg4 Nxg4 18. Bxd8 Raxd8 19. Ng6 Bc5 20. Nxf8 Rxf8 21. h3 Nf6 22. c3 Bb6 {1-0 Kasparov,G (2812)-Caruana,F (2795) Saint Louis Ultimate Blitz Challenge 2016 (9)}) 8... Na5 9. O-O-O Nxc4 10. dxc4 Be6 $146 ({RR} 10... Bb4 11. Rhe1 Be6 12. a3 a5 13. axb4 axb4 14. Nb1 Ra1 15. Qxb4 Qa8 16. Nfd2 c5 17. Qc3 b5 18. Nb3 Ra4 19. Bxd6 Rc8 20. Be5 bxc4 21. N3d2 Ra1 22. Bxf6 gxf6 23. Re3 Qa2 24. Rg3+ Kf8 25. Qxf6 {1-0 Goncalves,S (2207)-Cooklev,S (2014) Titled Tue 7th May Late 2024 (4)}) 11. Qe2 Ng4 12. Nd4 Qf6 13. Nxe6 fxe6 14. Rhf1 Qg6 15. Rd3 e5 16. Nd5 Rae8 17. Rg3 h5 18. Bd2 Rxf1+ 19. Qxf1 c6 20. Nc3 h4 21. Rh3 Rf8 22. Rf3 Rxf3 23. Qxf3 Nxh2 24. Qh3 Nf1 25. Qxh4 Nxd2 26. Qd8+ Kh7 27. Qh4+ Qh6 28. Qxh6+ Kxh6 29. Kxd2 Bb4 30. Ke3 Bxc3 31. bxc3 Kg5 32. Kf3 Kh4 33. c5 dxc5 34. c4 b5 35. a3 g6 36. Kf2 Kg4 37. g3 Kh3 38. Kf3 g5 39. c3 g4+ 40. Kf2 bxc4 41. a4 a5 0-1

[Event "45th Olympiad Budapest 2024"]
[Site "Budapest"]
[Date "2024.09.19"]
[Round "8"]
[Board "4"]
[White "Nean, Franck Anderson"]
[Black "Naipal, Hoolan"]
[Result "1-0"]
[WhiteElo "1917"]
[BlackElo "1851"]
[PlyCount "87"]
[EventDate "2024.09.11"]
[EventType "team-tourn"]
[EventRounds "11"]
[EventCountry "HUN"]
[WhiteTeam "Cote d’Ivoire"]
[BlackTeam "Mauritius"]
[BlackTeamCountry "MRI"]

1. d4 Nf6 2. Nf3 e6 3. c4 b6 4. a3 Bb7 5. Bg5 Be7 6. e3 d6 7. Bd3 Nbd7 8. Nc3 h6 9. Bh4 c5 $146 ({RR} 9... e5 10. Bc2 O-O 11. O-O Re8 12. Re1 a6 13. Rc1 Rb8 14. Bb1 c5 15. d5 Bc8 16. a4 Nf8 17. h3 Bd7 18. b3 b5 19. axb5 axb5 20. Qe2 b4 21. Nd1 Ra8 22. Nd2 Qc8 23. Bxf6 Bxf6 24. Ne4 {0-1 Baghdavadze,M-Ciungan,D (1663) EU-ch U12 Girls 2010 (3)}) ({RR} 9... O-O 10. O-O e5 11. dxe5 dxe5 12. Bc2 a5 13. Bg3 Bd6 14. Nb5 Qe7 15. Nxd6 cxd6 16. Bh4 Rfd8 17. Nd2 Qe6 18. Qe2 d5 19. cxd5 Qxd5 20. Nf3 Rac8 21. Rfd1 Qe6 22. Rd2 Nc5 23. Rad1 Rxd2 24. Rxd2 {0-1 Schuilenburg,H (1845)-Murzin,L (2244) Internet Section 06A g/8'+2" blitz 2004 (7)}) 10. h3 Nh5 11. Bxe7 Qxe7 12. O-O cxd4 13. Nxd4 Nhf6 14. Ndb5 Ne5 15. Be2 Rd8 16. Qa4 Rd7 17. Nxa7 O-O 18. Nab5 Ra8 19. Qb3 d5 20. cxd5 Nxd5 21. Nxd5 Bxd5 22. Qc2 Qg5 23. e4 Qg6 24. f3 Bb7 25. Qc3 Qg3 26. f4 Qxc3 27. Nxc3 Nd3 28. Bxd3 Rxd3 29. Rad1 Rad8 30. Rxd3 Rxd3 31. Rf2 Re3 32. e5 f6 33. exf6 gxf6 34. Re2 Rg3 35. Kh2 Rg7 36. Na4 b5 37. Nc5 Bd5 38. Nxe6 Ra7 39. f5 b4 40. axb4 Rb7 41. Rd2 Bxe6 42. fxe6 Kf8 43. Rd8+ Ke7 44. Rd7+ 1-0